Statistics for Los Angeles Clippers Triple Double

Click here to take the quiz!

General Stats

  • This quiz has been taken 54 times
    (3 since last reset)
  • The average score is 5 of 25

Answer Stats

PlayerNbLast% Correct
Blake Griffin72018
67%
Chris Paul22016
67%
James Harden32024
67%
Kawhi Leonard22024
67%
Paul George12022
67%
Russell Westbrook12024
67%
Danny Manning11993
33%
Elton Brand12003
33%
Andre Miller12003
0%
Baron Davis12010
0%
Benoit Benjamin11989
0%
Bob Kauffman71973
0%
Derek Anderson11999
0%
Gary Grant11990
0%
Jeff McInnis12001
0%
John Shumate11976
0%
Ken Norman11989
0%
Lamar Odom72001
0%
Lou Williams12019
0%
Mark Jackson41994
0%
Michael Brooks11983
0%
Pooh Richardson11995
0%
Ron Harper31994
0%
Steve Blake12010
0%
Swen Nater11979
0%

Score Distribution

Percentile by Number Answered

Percent of People with Each Score

Your Score History

You have not taken this quiz since the last reset